| 000 | 00752nam a22002417a 4500 | ||
|---|---|---|---|
| 999 |
_c627 _d627 |
||
| 003 | AR-CdUCM | ||
| 008 | 190225b ||||| |||| 00| 0 spa d | ||
| 020 | _a9506140502 | ||
| 040 |
_aMUNICIPALIDAD PROVINCIAL DEL CUSCO _cBIBLIOTECA MUNICIPAL DEL CUSCO |
||
| 041 | _hfre | ||
| 082 |
_a848.94 / _bSA26 |
||
| 100 |
_aSartre, Jean Paul _9911 |
||
| 245 |
_aLa mujerzuela respetuosa / _aA puerta cerrada / |
||
| 260 |
_aBuenos Aires : _bEdiciones Orbis, _c1983. |
||
| 300 |
_a187 páginas ; _c20 cm. |
||
| 440 |
_aLos premios Nobel. _n16 _92443 |
||
| 650 |
_aTeatro francés _92444 |
||
| 650 |
_aLiteratura Francesa _9614 |
||
| 650 |
_aTeatro del siglo XX _92445 |
||
| 700 |
_aBernárdez, Aurora (traductora) _92446 |
||
| 942 |
_2ddc _cLIBROS |
||
| 945 | _azta | ||